| 000 | 00500nam a22001577a 4500 | ||
|---|---|---|---|
| 999 |
_c18875 _d18875 |
||
| 008 | 240202b ||||| |||| 00| 0 eng d | ||
| 020 | _a9781509531349 | ||
| 082 |
_22020 _aDC 320.01 _bW853 |
||
| 100 |
_aWoodcock, Pete. _951209 |
||
| 245 |
_aPolitical theory : _ba beginner's guide / _cPete Woodcock. |
||
| 260 |
_aUnited Kingdom : _bPolity Press, _c©2020. |
||
| 300 |
_avi, 183 pages : _billustrations ; _c23 cm. |
||
| 500 | _aIncludes index. | ||
| 650 |
_aPolitical science. _951594 |
||
| 942 |
_2ddc _cDC |
||